000 00926nam a2200289Ia 4500
001 Z_532
003 CHAP
008 220113s1979 xx 000 0 und d
010 _a163642
040 _cCHAP
090 _aTesis M 82
100 _aMellink Bijtel, Eric
_974370
245 _aValor nutritivo del zacate salado (Distichlis spicata (L.) Greene), producido en el ex-Lago de Texcoco, /
_cpor Eric Mellink Bijtel y Alejandro Quintanilla Nieto
260 _aChapingo, Méx. :
_bEl autor,
_c1979
300 _a80 h.; ilus.; mapa
502 _aTesis (Ing. Agrónomo Esp. en Zootecnia) -- ENA. Departamento de Zootecnia
650 _aDistichlis spicata
_932745
650 _aForrajes
_xValor nutritivo
_942601
650 _aLago de Texcoco
_964410
650 _aPastos forrajeros
_xTexcoco, Méx.
_9137801
901 _aTESIS M 82
902 _aM
910 _a1979
942 _c2
942 _c2
999 _c163642
_d163642